Blood Glucose keywords Quiz Stats

 Plays Quiz not verified by Sporcle

Also try: Venomous Animals
Challenge
Share
Tweet
Embed
Score 0/16 Timer 04:00
0 Plays Today
definition keyword % Correct
beta cells produce which hormoneinsulin
83.3%
which hormone lowers blood glucose concentrationinsulin
75%
the breakdown of glycogen to glucoseglycogenolysis
58.3%
term given when blood glucose levels are too low hypoglycaemia
58.3%
which hormone increases membrane permeability to glucoseinsulin
58.3%
which hormone increases rate of respirationinsulin
58.3%
forming glycogen from glucoseglycogenesis
50%
forming glucose from non-carbohydratesgluconeogenesis
50%
definition keyword % Correct
the second messenger used to activate glycogenolysiscyclic AMP
50%
alpha cells produce which hormoneglucagon
50%
which hormone raises blood glucose concentrationglucagon
50%
which hormone also raises blood glucose level but is triggered by stress and exercise adrenaline
50%
term given when blood glucose levels are too highhyperglycaemia
50%
which enzyme converts ATP to cyclic AMPadenylate cyclase
41.7%
which hormone promotes formation of glucose from fatty acids (gluconeogenesis)glucagon
41.7%
the model used to describe adrenaline and glucagon actionsecond messenger model
33.3%

You're not logged in!

Compare scores with friends on all Sporcle quizzes.
OR
Log In

You Might Also Like...

Show Comments

Extras

Created Apr 9, 2015ReportNominate
Tags:Definition Quiz, blood, keyword

Top Quizzes Today


Score Distribution

Your Account Isn't Verified!

In order to create a playlist on Sporcle, you need to verify the email address you used during registration. Go to your Sporcle Settings to finish the process.

Report this User

Report this user for behavior that violates our Community Guidelines.

Details: